00789nam a2200181 a 450000500170000000800410001704000350005804100080009308200180010111000500011924501010016926000520027030000740032261000690039665000490046565000380051465000550055220160128112118.0110722s2008 ne ao gr 00010 eng d aCO-BoBLA cCO-BoBLAdCO-BoIAVH0 aspa04a333.75 bT76a2 aTropenbos International (Wageningen, Holanda)10aAnnual report 2008 : bmaking knowledge work for forests and people / cTropenbos International. aWageningen : bTropenbos International, c2008. a79 páginas : bilustraciones, tablas, fotografías ; c24 x 17 cm.26aTropenbos International (Wageningen, Holanda)y 2008v Informes. aBosquesx Investigacióny 2008v Informes. aSelva lluviosay 2008v Informes. 4aEcología de la selva lluviosay 2008v Informes.